<?xml version="1.0" encoding="UTF-8"?>
<marc:record xmlns:marc="http://www.loc.gov/MARC21/slim">
   <marc:leader>00000nam a2200000 a 4500</marc:leader>
   <marc:datafield ind1="1" ind2=" " tag="100">
      <marc:subfield code="a">McCurdy, Jennette</marc:subfield>
      <marc:subfield code="4">aut</marc:subfield>
      <marc:subfield code="e">Verfasser/-in</marc:subfield>
   </marc:datafield>
   <marc:datafield ind1="0" ind2="0" tag="245">
      <marc:subfield code="a">Half his Age</marc:subfield>
   </marc:datafield>
   <marc:datafield ind1="0" ind2="0" tag="245">
      <marc:subfield code="c">McCurdy, Jennette</marc:subfield>
   </marc:datafield>
   <marc:datafield ind1=" " ind2="1" tag="264">
      <marc:subfield code="a">London</marc:subfield>
      <marc:subfield code="b">4th Estate</marc:subfield>
      <marc:subfield code="c">2026</marc:subfield>
   </marc:datafield>
   <marc:datafield ind1="1" ind2=" " tag="520">
      <marc:subfield code="a">Waldo is ravenous. Horny. Blunt. Naive. Wise. Impulsive. Lonely. Angry. Hurting. Endlessly wanting. And the thing she wants most of all? Mr. Korgy, her creative writing teacher.&#xD;
&#xD;
Mr Korgy, with the wife and the kid and the mortgage and the bills, with the dead dreams and the atrophied looks and the growing paunch. She doesn’t know why she wants him. Is it his passion? His life experience? The fact that he knows books and films that she doesn’t? Or are they actually kindred spirits, sharing the same filter with which they each take in the world around them? Or, perhaps, it’s just enough that he sees her when no one else does.&#xD;
&#xD;
Startlingly perceptive, mordantly funny, and keenly poignant, Half His Age is an incisive study of a yearning seventeen-year-old who disregards all obstacles in her effort to be seen, to be desired and to be loved.</marc:subfield>
   </marc:datafield>
   <marc:datafield ind1=" " ind2=" " tag="020">
      <marc:subfield code="a">9780008617691</marc:subfield>
      <marc:subfield code="9">9780008617691</marc:subfield>
   </marc:datafield>
   <marc:datafield ind1=" " ind2=" " tag="338">
      <marc:subfield code="a">Band</marc:subfield>
   </marc:datafield>
</marc:record>
